000
00330cam a2200157ua 4500
001
897
008
120619n II |||gr||||Z||||||asm
040
_a
MAIN
041
_a
English
082
_a
891.451 DUT
100
_a
DUTTA, DANDIRAM.
245
_a
DAKAR BACHAN
300
_c
20CM.
653
_a
ASSAMESE LITERATURE
942
_c
BK
999
_c
897
_d
897